000 00454nam a2200157 i 4500
001 83435
003 ES-MaACL
005 20230906174827.0
007 t|
008 041116s1961 sp ||||1| spa d
100 1 _aIrigoyen, Juan de.
_965467
245 1 0 _aMadge "la capitana"
_b: idilio de un marino vasco : novela /
_cpor Juan de Irigoyen.
260 _aBilbao :
_b[s.n.,
_c1961]
300 _a373 p. ;
_c21 cm.
852 _aES-MaACL
_jC-20719
_bR.49402
999 _c83435
_d83435